000 00555nam a2200229Ia 4500
003 OSt
005 20220928141646.0
006 a|||||r|||| 00| 0
007 ta
008 220927b |||||||| |||| 00| 0 eng d
024 _a16517
037 _cTextual
040 _aSDCL
_cSDCL
_beng
041 _2eng
_aeng
082 _aWxM18, L5
100 _aJoshi P C
245 0 _aMarx comes to India
260 _c1975
700 _a Damodaran K
_9501331
942 _hWxM18, L5
_cTEXL
_2CC
999 _c818867
_d818867